| 000 | 01076nam a2200253Ia 4500 | ||
|---|---|---|---|
| 001 | 22268 | ||
| 003 | GE_BSU | ||
| 008 | 181216s||||||||xx |||||||||||||| ||und|| | ||
| 020 | _a978-9941-13-093-9 | ||
| 040 | _cGE_BSU | ||
| 080 | _a27-9(075.8) | ||
| 100 | _aმშვილდაძე, მარიკა | ||
| 245 | _aადრეული ქრისტიანობის ისტორია | ||
| 245 | _cრედ. გურამ ლორთქიფანიძე | ||
| 250 | _aთსუ | ||
| 260 | _aთბილისი | ||
| 260 | _bთბილ. უნ-ტის გამ-ბა | ||
| 260 | _c2009 | ||
| 300 | _a153გვ. : ილ. ; 20სმ.. | ||
| 300 | _eრომის იმპერატორთა ნუსხა: გვ. 123-127. - პირთა სახ. საძ.: გვ. 131-138. - ილუსტრაციები: გვ. 139-150. - ბიბლიოგრ.: გვ. 128-130. | ||
| 541 | _h10ლ.20თ. | ||
| 653 | _aადრეული ქრისტიანობის ისტორია | ||
| 942 | _cBK | ||
| 999 |
_c55193 _d55193 |
||